Counselling and guidance in schools/ (Record no. 7367)
[ view plain ]
| 000 -LEADER | |
|---|---|
| fixed length control field | 00789 a2200205 4500 |
| 005 - DATE AND TIME OF LATEST TRANSACTION | |
| control field | 20080925140020.0 |
| 008 - FIXED-LENGTH DATA ELEMENTS--GENERAL INFORMATION | |
| fixed length control field | 080925t xxu||||| |||| 00| 0 eng d |
| 010 ## - LCCN (DPL NO) | |
| LC control number | ENG-87910 |
| 020 ## - INTERNATIONAL STANDARD BOOK NUMBER | |
| International Standard Book Number | 8189557742 |
| Terms of availability | 695.00 |
| 035 ## - SYSTEM CONTROL NUMBER | |
| System control number | EN-71443 |
| 037 ## - SOURCE OF ACQUISITION | |
| Source of stock number/acquisition | DBAD / PUB |
| 082 ## - DEWEY DECIMAL CLASSIFICATION NUMBER | |
| Classification number | 371.4 |
| 100 ## - MAIN ENTRY--PERSONAL NAME | |
| Personal name | Rajan, M.K.S. |
| 245 ## - TITLE STATEMENT | |
| Title | Counselling and guidance in schools/ |
| Statement of responsibility, etc | by M.K.S. Rajan |
| 260 ## - PUBLICATION, DISTRIBUTION, ETC. (IMPRINT) | |
| Place of publication, distribution, etc | New Delhi |
| Name of publisher, distributor, etc | Arise Publishers & Distributors |
| Date of publication, distribution, etc | 2007 |
| 270 ## - ADDRESS | |
| Address | 4648/1, 21, Ansari Road, Darya Ganj, |
| City | New Delhi |
| Postal code | 110 002 |
| 300 ## - PHYSICAL DESCRIPTION | |
| Extent | v, 271p. |
| Dimensions | 22cm. (Hb) |
| 942 ## - ADDED ENTRY ELEMENTS (KOHA) | |
| Institution code [OBSOLETE] | dpl |
| Item type | English Books |
| Call number prefix | 371.4 / RAJ |
| Source of classification or shelving scheme | Dewey Decimal Classification |
| Classification part | 371.4 |
| Call number suffix | RAJ |
| Withdrawn status | Lost status | Source of classification or shelving scheme | Damaged status | Not for loan | Collection code | Home library | Current library | Date acquired | Cost, normal purchase price | Total Checkouts | Full call number | Barcode | Date last seen | Copy number | Cost, replacement price | Koha item type |
|---|---|---|---|---|---|---|---|---|---|---|---|---|---|---|---|---|
| Dewey Decimal Classification | Not For Loan | Non-fiction | D.B.Act.Division | D.B.Act.Division | 25/09/2008 | 695.00 | 371.4 RAJ | EN-71443 | 15/09/2008 | 1 | 695.00 | English Books |
